[Event "PRAGUE OPEN 2019 - B - FIDE open"]
[Site "Praha, Olympik hotel"]
[Date "2019.01.16"]
[Round "7"]
[White "Nemecek St, Pavel"]
[Black "Jaeger, Andre"]
[Result "1/2-1/2"]
[WhiteElo "1814"]
[BlackElo "1903"]
[PlyCount "59"]
[EventDate "2019.01.11"]

1. e4 c5 2. Nc3 e6 3. g3 d5 4. exd5 exd5 5. Bg2 Nf6 6. d3 d4 7. Ne4 Nxe4 8.
dxe4 Nc6 9. Ne2 h5 10. h4 Bg4 11. Bf4 Qa5+ 12. Bd2 Qc7 13. O-O Bd6 14. Qe1 O-O
15. Nf4 Bxf4 16. Bxf4 Ne5 17. Qd2 f6 18. f3 Be6 19. Kh2 Rad8 20. Rg1 Qd7 21.
Bxe5 fxe5 22. Qg5 Qc7 23. Qxh5 c4 24. Rgd1 Rf6 25. Qg5 b5 26. a3 Bf7 27. Rf1
Rg6 28. Qf5 Rf6 29. Qg5 Rg6 30. Qf5 1/2-1/2

[Event "PRAGUE OPEN 2019 - B - FIDE open"]
[Site "Praha, Olympik hotel"]
[Date "2019.01.16"]
[Round "7"]
[White "Ambrozi, Peter"]
[Black "Watarkar, Yash"]
[Result "0-1"]
[WhiteElo "1976"]
[BlackElo "1495"]
[PlyCount "71"]
[EventDate "2019.01.11"]

1. d4 Nf6 2. Nf3 d5 3. g3 Bf5 4. Bg2 e6 5. O-O Bd6 6. c4 c6 7. Nc3 h6 8. b3 O-O
9. Bb2 Nbd7 10. Nd2 Qe7 11. e4 dxe4 12. Ndxe4 Ba3 13. Qc1 Bxb2 14. Qxb2 Rfd8
15. Rad1 Nxe4 16. Nxe4 Nf6 17. Nc5 b6 18. Na4 Be4 19. f3 Bg6 20. Rfe1 Qc7 21.
f4 Rd7 22. Rd2 Rad8 23. h3 h5 24. h4 Bf5 25. Re5 Ng4 26. Ree2 Nh6 27. Bf3 Bg4
28. Bxg4 hxg4 29. Re3 Nf5 30. Red3 c5 31. d5 exd5 32. cxd5 Nd4 33. Rxd4 cxd4
34. Qxd4 Qc1+ 35. Rd1 Rxd5 36. Qxd5 0-1

[Event "PRAGUE OPEN 2019 - B - FIDE open"]
[Site "Praha, Olympik hotel"]
[Date "2019.01.16"]
[Round "7"]
[White "Ochman, Tomas"]
[Black "Loibl, Johann"]
[Result "0-1"]
[WhiteElo "1853"]
[BlackElo "1712"]
[PlyCount "33"]
[EventDate "2019.01.11"]

1. Nf3 Nc6 2. c4 e5 3. Nc3 Nf6 4. e4 Bc5 5. a3 d6 6. d3 Ng4 7. Bg5 Bxf2+ 8. Kd2
f6 9. Bh4 Bxh4 10. Nxh4 f5 11. Nxf5 Qg5+ 12. Ke1 Bxf5 13. exf5 Qxf5 14. Ne4 O-O
15. Qd2 Nd4 16. Rb1 Ne3 17. Ng3 0-1

[Event "PRAGUE OPEN 2019 - B - FIDE open"]
[Site "Praha, Olympik hotel"]
[Date "2019.01.16"]
[Round "7"]
[White "Feierfeil, Jiri"]
[Black "Grabarczyk, Sylwester"]
[Result "0-1"]
[WhiteElo "1700"]
[BlackElo "1834"]
[PlyCount "58"]
[EventDate "2019.01.11"]

1. d4 Nf6 2. Nf3 d6 3. c4 Bg4 4. e3 g6 5. b3 c5 6. d5 Bg7 7. Bb2 O-O 8. Be2 e5
9. dxe6 fxe6 10. O-O Nc6 11. h3 Bf5 12. Nh4 Be4 13. Nd2 Ne5 14. Bxe5 dxe5 15.
Nxe4 Nxe4 16. Nf3 Nc3 17. Qc2 e4 18. Rad1 Nxe2+ 19. Qxe2 exf3 20. Qc2 Qg5 21.
g3 Rad8 22. Qe4 Qf5 23. Qxb7 Qxh3 24. Qxf3 Rxf3 25. Rxd8+ Rf8 26. Rd7 Be5 27.
f4 Qxg3+ 28. Kh1 Bf6 29. Rd3 Bh4 0-1

[Event "PRAGUE OPEN 2019 - B - FIDE open"]
[Site "Praha, Olympik hotel"]
[Date "2019.01.16"]
[Round "7"]
[White "Dwilewicz, Agata"]
[Black "Ocelak, Jakub"]
[Result "1/2-1/2"]
[WhiteElo "1748"]
[BlackElo "1644"]
[PlyCount "69"]
[EventDate "2019.01.11"]

1. e4 e6 2. d4 d5 3. Nd2 Nc6 4. c3 e5 5. exd5 Qxd5 6. dxe5 Nxe5 7. Qc2 Bd6 8.
c4 Qe6 9. Be2 Nf6 10. Ngf3 O-O 11. O-O Qf5 12. Qxf5 Bxf5 13. Nxe5 Bxe5 14. Nf3
Bd6 15. Be3 Ng4 16. Bd4 Rfe8 17. Rfe1 Bb4 18. Bc3 Bxc3 19. bxc3 Nf6 20. Nd4 Bg6
21. Nb5 Rec8 22. Bf3 c6 23. Nd6 Rc7 24. Rad1 Rb8 25. c5 Kf8 26. h4 h6 27. Rd2
Re7 28. Rxe7 Kxe7 29. Rb2 Kd7 30. Rxb7+ Rxb7 31. Nxb7 Be4 32. Be2 Nd5 33. Bc4
Nxc3 34. Bxf7 Bd5 35. Bg6 1/2-1/2

[Event "PRAGUE OPEN 2019 - B - FIDE open"]
[Site "Praha, Olympik hotel"]
[Date "2019.01.16"]
[Round "7"]
[White "Pflantz, Mike"]
[Black "Shatil, Shir"]
[Result "1/2-1/2"]
[WhiteElo "1984"]
[BlackElo "1512"]
[PlyCount "45"]
[EventDate "2019.01.11"]

1. d4 e6 2. c4 Nf6 3. g3 d5 4. Bg2 b6 5. cxd5 exd5 6. Nc3 Bb7 7. Nf3 Be7 8. O-O
O-O 9. Bf4 c5 10. Ne5 Nbd7 11. Rc1 Nxe5 12. dxe5 Ne4 13. Nxe4 dxe4 14. Qc2 f5
15. exf6 Bxf6 16. Rfd1 Qe7 17. Qc4+ Qf7 18. b3 Qxc4 19. Rxc4 Rfe8 20. Rd7 Bc8
21. Rd2 Bb7 22. Be3 Kf8 23. Rd7 1/2-1/2

[Event "PRAGUE OPEN 2019 - B - FIDE open"]
[Site "Praha, Olympik hotel"]
[Date "2019.01.16"]
[Round "7"]
[White "Schneider, Kevin"]
[Black "Zacek, Petr"]
[Result "1-0"]
[WhiteElo "1738"]
[BlackElo "1544"]
[PlyCount "35"]
[EventDate "2019.01.11"]

1. e4 c5 2. Nc3 Nc6 3. g3 g6 4. Bg2 Bg7 5. d3 d6 6. Be3 Rb8 7. Nge2 e6 8. Qd2
Nge7 9. Bh6 O-O 10. Bxg7 Kxg7 11. h4 b5 12. h5 b4 13. hxg6 fxg6 14. Qh6+ Kf6
15. e5+ Kxe5 16. Qg7+ Rf6 17. f4+ Kf5 18. Bh3# 1-0

[Event "PRAGUE OPEN 2019 - B - FIDE open"]
[Site "Praha, Olympik hotel"]
[Date "2019.01.16"]
[Round "7"]
[White "Juhanak, Daniel"]
[Black "Kuhnmund, Ivan"]
[Result "1/2-1/2"]
[WhiteElo "1498"]
[BlackElo "1650"]
[PlyCount "21"]
[EventDate "2019.01.11"]

1. d4 c5 2. e3 cxd4 3. exd4 Nf6 4. Nf3 e6 5. Bd3 d5 6. O-O Nc6 7. c3 Bd6 8. Re1
Qc7 9. Nbd2 O-O 10. Qe2 Bf4 11. Ne5 1/2-1/2

[Event "PRAGUE OPEN 2019 - B - FIDE open"]
[Site "Praha, Olympik hotel"]
[Date "2019.01.16"]
[Round "7"]
[White "Andersen, Carsten"]
[Black "Soucek, Jan"]
[Result "1/2-1/2"]
[WhiteElo "1708"]
[BlackElo "1476"]
[PlyCount "28"]
[EventDate "2019.01.11"]

1. e4 e5 2. Bc4 Nf6 3. Nc3 Nc6 4. Nf3 Bc5 5. h3 d6 6. d3 Be6 7. Bxe6 fxe6 8.
Na4 Bb6 9. Nxb6 axb6 10. O-O O-O 11. Bg5 h6 12. Bh4 Qe8 13. a3 Nh5 14. Kh2 Qf7
1/2-1/2

[Event "PRAGUE OPEN 2019 - B - FIDE open"]
[Site "Praha, Olympik hotel"]
[Date "2019.01.16"]
[Round "7"]
[White "Ryu, Joon"]
[Black "Vorsilka, Jiri"]
[Result "1/2-1/2"]
[WhiteElo "1294"]
[BlackElo "1552"]
[PlyCount "46"]
[EventDate "2019.01.11"]

1. e4 e6 2. d4 d5 3. Nd2 c5 4. exd5 exd5 5. Ngf3 Nc6 6. Bb5 Bd7 7. O-O c4 8.
Re1+ Be7 9. Nf1 Nf6 10. c3 O-O 11. Ng3 Re8 12. Bg5 h6 13. Bf4 g5 14. Be3 Bd6
15. Ba4 Bxg3 16. hxg3 Ne4 17. Nd2 f5 18. Nxe4 fxe4 19. b3 Na5 20. b4 Bxa4 21.
Qxa4 Nc6 22. Qd1 Qf6 23. Rb1 b5 1/2-1/2

[Event "PRAGUE OPEN 2019 - B - FIDE open"]
[Site "Praha, Olympik hotel"]
[Date "2019.01.16"]
[Round "7"]
[White "Netra, P Savaikar"]
[Black "Schoeppe, Christian"]
[Result "1/2-1/2"]
[WhiteElo "1247"]
[BlackElo "1544"]
[PlyCount "46"]
[EventDate "2019.01.11"]

1. e4 e5 2. d4 exd4 3. c3 c5 4. cxd4 cxd4 5. Qxd4 Nc6 6. Qd1 Bc5 7. Nc3 Qf6 8.
Nf3 Ne5 9. Be2 Ne7 10. O-O O-O 11. Qc2 d6 12. Nxe5 Qxe5 13. b3 Nc6 14. Bb2 Nd4
15. Qd2 Bb4 16. Rac1 Bd7 17. Rfd1 Nxe2+ 18. Qxe2 Qg5 19. Nd5 Bc5 20. Rc3 Bg4
21. Rg3 f5 22. Qc4 Kh8 23. h3 Rac8 1/2-1/2

[Event "PRAGUE OPEN 2019 - B - FIDE open"]
[Site "Praha, Olympik hotel"]
[Date "2019.01.16"]
[Round "7"]
[White "You, Garam"]
[Black "Istel, Oldrich"]
[Result "0-1"]
[WhiteElo "1414"]
[BlackElo "1711"]
[PlyCount "76"]
[EventDate "2019.01.11"]

1. d4 Nf6 2. c4 d6 3. Nc3 Nc6 4. Nf3 Bf5 5. Qa4 Qd7 6. e3 e5 7. d5 Ne7 8. Qb3
Qc8 9. Be2 g6 10. Nh4 Bg7 11. O-O O-O 12. f3 a6 13. e4 Bd7 14. Bd2 c6 15. Na4
Qc7 16. Nb6 Rab8 17. Ba5 c5 18. g4 Bh6 19. Ng2 g5 20. Ne3 Bg7 21. Qc3 h5 22.
Rab1 Ng6 23. Rfc1 Bh6 24. Nxd7 Qxd7 25. Nf5 Nf4 26. Qe1 Kh7 27. Bd2 Nxe2+ 28.
Qxe2 Rg8 29. h4 hxg4 30. Nxh6 gxf3 31. Qxf3 gxh4+ 32. Kf1 Rg6 33. Nf5 Rbg8 34.
Ke2 Rg2+ 35. Kd1 Qa4+ 36. Qb3 Qxb3+ 37. axb3 Nxe4 38. Nxh4 Rxd2+ 0-1

[Event "PRAGUE OPEN 2019 - A - IM open"]
[Site "Praha, Olympik hotel"]
[Date "2019.01.17"]
[Round "8"]
[White "Postny, Evgeny"]
[Black "Frolov, Artur"]
[Result "1-0"]
[BlackElo "2430"]
[WhiteElo "2623"]
[LiveChessVersion "1.4.8"]

1. d4  Nf6  2. c4  g6
 3. Nc3  Bg7  4. e4
 d6  5. Nf3  O-O 
6. Be2  e5  7. d5  a5
 8. h3 Na6  9. Bg5  h6
 10. Be3  Nc5  11. Nd2
 Ne8  12. h4  f5 
13. Bxc5  dxc5  14. h5  Ra6
 15. Bf3  f4  16. hxg6
 Rxg6  17. Bh5  Rxg2
 18. Kf1  f3  19. Bxf3
 Rg5  20. Ke2  Rf4
 21. Kd3  c6  22. Kc2
 cxd5  23. Nxd5  Rf8
 24. Qe2  Nc7  25. Nxc7
 Qxc7  26. Rag1  Bf6
 27. Bh5  Be6  28. Bg4
 Bxg4  29. Rxg4  Qd7
 30. Rgg1  Kh7  31. Nf3
 Rxg1  32. Rxg1  Rd8
 33. b3  a4  34. Rh1
 axb3+  35. axb3  Qg4
 36. Qe3  Qf4  37. Qxf4
 exf4  38. Rh5  Ra8
 39. Kd3  Ra2  40. Rh2
 Rb2  41. e5  Rxb3+
 42. Ke4  Be7  43. Rh1
 Kg6  44. e6  Bg5
 45. Ne5+  Kf6  46. Nd7+
 Ke7  47. Nxc5  Rc3
 48. Kd5  b6  49. Ne4
 Ra3  50. Rb1  Ra6
 51. c5  bxc5  52. Rb7+
 Kf8  53. Nxg5  hxg5
 54. Ke5  g4  55. Kf6
 Kg8  56. Rg7+  Kf8
 57. Rc7  Kg8  58. Rg7+
 Kf8  59. Rxg4  c4
 60. Rh4  Kg8  61. Rxf4
 Rc6  62. Ke7  c3
 63. Rg4+  Kh7  64. Kf7
 Kh6  65. e7  Rc7
 66. Kf8  Kh5  67. Rg1
 1-0

[Event "PRAGUE OPEN 2019 - A - IM open"]
[Site "Praha, Olympik hotel"]
[Date "2019.01.17"]
[Round "8"]
[White "Kozak, Antoni"]
[Black "Liu, Guanchu"]
[Result "1/2-1/2"]
[BlackElo "2425"]
[WhiteElo "2236"]
[LiveChessVersion "1.4.8"]

1. Nf3  f5  2. d4  Nf6
 3. g3  g6  4. Bg2
 Bg7  5. O-O  O-O
 6. Nbd2  d6  7. Re1
 Ne4  8. Nxe4  fxe4
 9. Ng5  d5  10. f3
 c5  11. dxc5  h6
 12. Nh3  Bxh3  13. Bxh3
 Na6  14. Be6+  Kh7
 15. Bxd5  Nxc5  16. Bxe4
 Nxe4  17. Qxd8  Raxd8
 18. fxe4  Bd4+  19. Kh1
 g5  20. c3  Bb6 
21. a4  a5  22. Rb1  1/2-1/2

[Event "PRAGUE OPEN 2019 - A - IM open"]
[Site "Praha, Olympik hotel"]
[Date "2019.01.17"]
[Round "8"]
[White "Spiess, Gunter"]
[Black "Kulkarni, Bhakti"]
[Result "1/2-1/2"]
[BlackElo "2303"]
[WhiteElo "2414"]
[LiveChessVersion "1.4.8"]

1. d4  d5  2. c4  e6
 3. Nc3  Nf6  4. Bg5
 Be7  5. e3  O-O 
6. Nf3  h6  7. Bh4  Ne4
 8. Bxe7  Qxe7  9. Rc1
 Nxc3  10. Rxc3  dxc4
 11. Bxc4  b6  12. O-O
 Bb7  13. Qe2  Nd7
 14. Bb5  c5  15. Bxd7
 Qxd7  16. dxc5  bxc5
 17. Rxc5  Rac8  18. Rfc1
 Rxc5  19. Rxc5  Rc8
 20. Rxc8+  Qxc8  21. h3
 Qc6  22. Qd2  a6
 23. a3  g6  24. Ne1
 Qb6 25. f3  a5  26. Qd4
 Qb3  27. Nd3  Qd1+
 28. Kh2  Bd5  29. Ne5
 Qxd4  30. exd4  a4
 31. Kg3  Kf8  32. h4
 Ke7  33. f4  Be4
 34. Kf2  f6  35. Nc4
 h5  36. Nd2  Bc2
 37. Ke3  Kd6  38. Nc4+
 Kd5  39. Nb6+  Kc6
 40. Nc4  Kd5  41. Nb6+
 Kc6  42. Nc4  1/2-1/2

[Event "PRAGUE OPEN 2019 - A - IM open"]
[Site "Praha, Olympik hotel"]
[Date "2019.01.17"]
[Round "8"]
[White "Vokac, Marek"]
[Black "Chudinovskikh, Alexander M."]
[Result "1/2-1/2"]
[BlackElo "2184"]
[WhiteElo "2380"]
[LiveChessVersion "1.4.8"]

1. d4  d5  2. c4  dxc4
 3. Nf3  c5  4. d5
 e6  5. e4  exd5 
6. exd5  Nf6  7. Nc3  Bd6
 8. Bxc4  O-O  9. O-O
 h6  10. h3  a6 
11. a4  Bf5  12. Bd3  Bxd3
 13. Qxd3  Nbd7  14. Be3
 Re8  15. Rad1  Rc8
 16. Nh4  Ne5  17. Qc2
 g6  18. g3  Kh7 
19. Kg2  c4  20. Qd2  Bf8
 21. Nf3  Nxf3  22. Kxf3
 Qd7  23. Kg2  b5
 24. axb5  axb5  25. Qd4
 Bg7  26. Qb6  Rb8
 27. Qc6  b4  28. Ne2
 Qxc6  29. dxc6  Rbc8
 30. Nd4  Nd5  31. Nb5
 Rxe3  32. Na7  Rc7
 33. Rxd5  Ree7  34. Nb5
 Rxc6  35. Nd4  Bxd4
 36. Rxd4  c3  37. bxc3
 bxc3  38. Rc1  c2
 39. Rd2  Rec7  40. Kf3
 Kg7  41. Rd3  Kf6
 42. Ke2  Rc5  43. Kd2
 h5  44. Ke2  Kg5
 45. Rd4  Kf5  46. Kf3
 Rc3+  47. Ke2  R7c5
 48. Rf4+  Ke6  49. Kd2
 g5  50. Ra4  Kf5
 51. Rd4  f6  52. Ke2
 g4  53. hxg4+  hxg4
 54. Rd2  Ke4  55. Rd8
 R3c4  56. Rd2  Rc6
 57. Kf1  Rc3  58. Kg2
 R6c4  59. Re1+  Kf5
 60. Rc1  Kg5  61. Re2
 f5  62. Rd2  f4 
63. gxf4+  Kxf4  64. Re2  Rc8
 65. Re7  g3  66. fxg3+
 Rxg3+  67. Kf2  Rgc3
 68. Ke2  Rh3  69. Kd2
 Rh2+  70. Kd3  Rh3+
 71. Kd2  Kf5  72. Rf1+
 Kg6  73. Re2  c1=Q+
 74. Rxc1  Rxc1  75. Kxc1 1/2-1/2

[Event "PRAGUE OPEN 2019 - A - IM open"]
[Site "Praha, Olympik hotel"]
[Date "2019.01.17"]
[Round "8"]
[White "Serrano Salvador, Eduardo"]
[Black "Neuman, Petr"]
[Result "1-0"]
[BlackElo "2428"]
[WhiteElo "2282"]
[LiveChessVersion "1.4.8"]

1. d4  Nf6  2. Nf3  g6
 3. c4  Bg7  4. g3
 c6  5. Nc3  d5 
6. cxd5  cxd5  7. Ne5  O-O
 8. Bg2  b6  9. O-O
 Bb7  10. Be3  Ne4
 11. Rc1  e6  12. Nxe4
 dxe4  13. Qc2  Qd5
 14. b3  f6  15. Nd3
 f5  16. Nf4  Qd7
 17. Qc7  Qxc7  18. Rxc7
 Bd5  19. Nxd5  exd5
 20. Rfc1  Na6  21. Rd7
 Rfd8  22. Rb7  Rdb8
 23. Rxb8+  Rxb8  24. Bf4
 Rb7  25. e3  Nb4
 26. Bd6  Nd3  27. Rc8+
 Kf7  28. Bf1  Ke6
 29. Ba3  b5  30. Rc6+
 Kf7  31. Bxd3  exd3
 32. Kf1  b4  33. Bc1
 Ke7  34. Ke1  Kd7
 35. Rc5  Rc7  36. Rxc7+
 Kxc7  37. Kd2  g5
 38. h3  h5  39. f3
 g4  40. fxg4  fxg4
 41. hxg4  hxg4  42. Kxd3
 Kd7  43. e4  Ke6
 44. Bg5  Bf8  45. Ke3
 Bg7  46. Bd8  Bh6+
 47. Kd3  Bc1  48. Ba5
 Ba3  49. e5  Kf5
 50. Kc2  Ke6  51. Bd8
 Kf5  52. Bh4  Kg6
 53. Be7  Kf5  54. Bc5
 a6  55. Bf8  Kg6
 56. Kb1  Kg5  57. Bg7
 Kg6  58. Bh8  Kf5
 59. Kc2  Ke6  60. Bg7
 1-0

[Event "PRAGUE OPEN 2019 - A - IM open"]
[Site "Praha, Olympik hotel"]
[Date "2019.01.17"]
[Round "8"]
[White "Chkhaidze, Nikoloz"]
[Black "Naumkin, Igor"]
[Result "0-1"]
[BlackElo "2418"]
[WhiteElo "2290"]
[LiveChessVersion "1.4.8"]

1. e4  e5  2. Nf3  Nc6
 3. Nc3  Nf6  4. Be2
 Bb4  5. Nd5  Bc5
 6. c3  Nxe4  7. d4
 exd4  8. cxd4  Be7
 9. O-O  Nf6  10. Nxe7
 Nxe7  11. d5  O-O
 12. d6  cxd6  13. b3
 d5  14. Bb2  Ng6
 15. Nd4  d6  16. Rc1
 Bd7  17. Bd3  Ne5
 18. Bb1  Re8  19. Rc3
 Ne4  20. Re3  Qh4
 21. f3  Nf6  22. Rfe1
 a6  23. Nf5  Bxf5
 24. Bxf5  Qf4  25. Bb1
 Re7  26. Kh1  Neg4
 27. fxg4  Rxe3  28. Rf1
 Qxg4  29. Qc1  Re2
 30. Rg1  Rc8  0-1

[Event "PRAGUE OPEN 2019 - A - IM open"]
[Site "Praha, Olympik hotel"]
[Date "2019.01.17"]
[Round "8"]
[White "Liu, Zhaoqi"]
[Black "Ludvik, Tomas"]
[Result "1-0"]
[WhiteElo "2300"]
[BlackElo "2089"]
[PlyCount "67"]
[EventDate "2019.01.11"]

1. c4 e6 2. Nc3 d5 3. d4 c6 4. cxd5 exd5 5. Qc2 Bd6 6. Nf3 h6 7. e3 Nf6 8. Bd3
O-O 9. h3 Re8 10. Bd2 Qe7 11. g4 Ne4 12. Rg1 Nd7 13. h4 b5 14. g5 h5 15. g6 f6
16. a4 Nxd2 17. Kxd2 b4 18. Ne2 Bb7 19. Ng3 c5 20. Nf5 Qe6 21. dxc5 Bxc5 22.
Qd1 b3 23. N3d4 Bb4+ 24. Ke2 Qb6 25. Bb5 Nf8 26. Qxb3 a5 27. Bxe8 Rxe8 28. Rac1
Re5 29. f4 Re8 30. Kf2 Ne6 31. Qd1 Nf8 32. Qc2 Rc8 33. Qe2 Ba6 34. Qxh5 1-0

[Event "PRAGUE OPEN 2019 - A - IM open"]
[Site "Praha, Olympik hotel"]
[Date "2019.01.17"]
[Round "8"]
[White "Olsarova, Karolina"]
[Black "Mach, Petr"]
[Result "0-1"]
[WhiteElo "2263"]
[BlackElo "1921"]
[PlyCount "63"]
[EventDate "2019.01.11"]

1. e4 c5 2. Nf3 Nc6 3. Bb5 g6 4. O-O Bg7 5. Re1 d6 6. Bxc6+ bxc6 7. c3 Nf6 8.
e5 Nd5 9. Qa4 O-O 10. Qxc6 Be6 11. d3 Rc8 12. Qa4 dxe5 13. Nxe5 Qc7 14. Bf4
Nxf4 15. Qxf4 Rfd8 16. Nd2 Bxe5 17. Qxe5 Rxd3 18. Nf1 Qb6 19. b3 Rcd8 20. c4 a5
21. Ng3 a4 22. Ne4 axb3 23. axb3 Rc8 24. Ng5 Rxb3 25. Nxe6 fxe6 26. Rad1 Qc6
27. h4 Rb4 28. h5 gxh5 29. Re3 Rxc4 30. Qxh5 e5 31. Rg3+ Kh8 32. Qf7 0-1

[Event "PRAGUE OPEN 2019 - A - IM open"]
[Site "Praha, Olympik hotel"]
[Date "2019.01.17"]
[Round "8"]
[White "Abdulla, Murad"]
[Black "Hradecky, Ivo"]
[Result "0-1"]
[WhiteElo "2263"]
[BlackElo "2107"]
[PlyCount "38"]
[EventDate "2019.01.11"]

1. e4 e5 2. Nf3 Nc6 3. d4 exd4 4. Bc4 Nf6 5. e5 d5 6. Bb5 Ne4 7. Nxd4 Bc5 8.
O-O O-O 9. Bxc6 bxc6 10. c3 f6 11. exf6 Qxf6 12. f3 Ba6 13. Re1 Qh4 14. Be3 Bd6
15. f4 Rxf4 16. g3 Rg4 17. Nf5 Qh5 18. Nxd6 Nxg3 19. Qf3 Nf1+ 0-1

[Event "PRAGUE OPEN 2019 - A - IM open"]
[Site "Praha, Olympik hotel"]
[Date "2019.01.17"]
[Round "8"]
[White "Chernyak, Viktoria"]
[Black "Mastroddi, Emiliano"]
[Result "1/2-1/2"]
[WhiteElo "2186"]
[BlackElo "2058"]
[PlyCount "42"]
[EventDate "2019.01.11"]

1. Nf3 Nf6 2. c4 e6 3. g3 b6 4. Bg2 Bb7 5. O-O c5 6. b3 Be7 7. Bb2 O-O 8. Bc3
d6 9. d4 cxd4 10. Qxd4 a6 11. Rd1 Qc7 12. e4 Nbd7 13. Kh1 Rfd8 14. Nh4 Rac8 15.
f4 Qc5 16. Qd3 b5 17. cxb5 axb5 18. Rc1 Qb6 19. Qe2 Nc5 20. b4 Ncxe4 21. Re1
Nxc3 1/2-1/2

[Event "PRAGUE OPEN 2019 - A - IM open"]
[Site "Praha, Olympik hotel"]
[Date "2019.01.17"]
[Round "8"]
[White "Hesse, Henrik"]
[Black "Kvaloy, Aksel Bu"]
[Result "1/2-1/2"]
[WhiteElo "2166"]
[BlackElo "1914"]
[PlyCount "62"]
[EventDate "2019.01.11"]

1. c4 e5 2. g3 Nf6 3. Bg2 c6 4. Nf3 e4 5. Nd4 Qb6 6. Nc2 d5 7. cxd5 cxd5 8. Nc3
Nc6 9. d3 Be7 10. O-O O-O 11. b4 Bf5 12. b5 Nb4 13. Be3 Qa5 14. Nd4 Bg6 15. Nb3
Qc7 16. Rc1 exd3 17. Nxd5 Qe5 18. Nxe7+ Qxe7 19. Bc5 Qe5 20. exd3 Nxd3 21. Bxf8
Nxc1 22. Qxc1 Rxf8 23. Qc5 Qxc5 24. Nxc5 b6 25. Na6 Bd3 26. Rc1 Bxb5 27. Bf1
Bxf1 28. Kxf1 Nd5 29. Rd1 Nc3 30. Rd7 Nxa2 31. Rxa7 g6 1/2-1/2

[Event "PRAGUE OPEN 2019 - A - IM open"]
[Site "Praha, Olympik hotel"]
[Date "2019.01.17"]
[Round "8"]
[White "Mulenko, Alexander"]
[Black "Michalczak, Thomas"]
[Result "1/2-1/2"]
[WhiteElo "2090"]
[BlackElo "2139"]
[PlyCount "34"]
[EventDate "2019.01.11"]

1. Nf3 Nf6 2. c4 g6 3. b3 Bg7 4. Bb2 O-O 5. g3 d6 6. d4 e5 7. dxe5 Ng4 8. Bg2
Nxe5 9. Nc3 Nxf3+ 10. Bxf3 Nc6 11. O-O Bh6 12. Re1 Re8 13. Nd5 Ne5 14. Bh1 a6
15. f4 c6 16. fxe5 cxd5 17. Bxd5 dxe5 1/2-1/2

[Event "PRAGUE OPEN 2019 - A - IM open"]
[Site "Praha, Olympik hotel"]
[Date "2019.01.17"]
[Round "8"]
[White "Risch, Michel"]
[Black "Pushkov, Nikolai"]
[Result "0-1"]
[WhiteElo "2086"]
[BlackElo "2309"]
[PlyCount "54"]
[EventDate "2019.01.11"]

1. d4 e6 2. c4 f5 3. g3 Nf6 4. Bg2 d5 5. Nh3 c6 6. b3 Bd6 7. O-O O-O 8. Bf4 Be7
9. Nc3 Bd7 10. c5 Be8 11. Ng5 Bf7 12. b4 Nbd7 13. h4 h6 14. Nh3 Ne4 15. Nxe4
fxe4 16. Qd2 Bf6 17. Bd6 Re8 18. f4 exf3 19. Rxf3 e5 20. e3 Bh5 21. Rff1 exd4
22. exd4 Nb6 23. Qf4 Nc4 24. g4 Re3 25. gxh5 Rxh3 26. Rf2 Rxh4 27. Qg3 Nxd6 0-1

[Event "PRAGUE OPEN 2019 - A - IM open"]
[Site "Praha, Olympik hotel"]
[Date "2019.01.17"]
[Round "8"]
[White "Kushko, Dmitry"]
[Black "Ng, Jen Sheng"]
[Result "1-0"]
[WhiteElo "2270"]
[BlackElo "2075"]
[PlyCount "46"]
[EventDate "2019.01.11"]

1. Nf3 Nf6 2. g3 g6 3. Bg2 Bg7 4. O-O O-O 5. c4 c5 6. d4 cxd4 7. Nxd4 Nc6 8.
Nc3 Nxd4 9. Qxd4 d6 10. Qd3 Bf5 11. e4 Bd7 12. Bd2 Bc6 13. Rfd1 Qb6 14. Rab1
Ng4 15. Be1 a6 16. Qe2 Ne5 17. Kh1 Qc5 18. f4 Nd7 19. b4 Qa7 20. b5 axb5 21.
cxb5 h5 22. bxc6 Bxc3 23. Bxc3 Qxa2 1-0

[Event "PRAGUE OPEN 2019 - A - IM open"]
[Site "Praha, Olympik hotel"]
[Date "2019.01.17"]
[Round "8"]
[White "Pycha, Patrik"]
[Black "Laverton, Christian"]
[Result "1/2-1/2"]
[WhiteElo "1998"]
[BlackElo "2147"]
[PlyCount "23"]
[EventDate "2019.01.11"]

1. e4 c5 2. Nf3 e6 3. d4 cxd4 4. Nxd4 Nc6 5. Nxc6 bxc6 6. Bd3 d5 7. O-O Nf6 8.
Nd2 Be7 9. b3 a5 10. a4 Ba6 11. Bxa6 Rxa6 12. Qe2 1/2-1/2

[Event "PRAGUE OPEN 2019 - A - IM open"]
[Site "Praha, Olympik hotel"]
[Date "2019.01.17"]
[Round "8"]
[White "Petersen, Peter Birk"]
[Black "Czernek, Tymon"]
[Result "1/2-1/2"]
[WhiteElo "2144"]
[BlackElo "2012"]
[PlyCount "74"]
[EventDate "2019.01.11"]

1. e4 c5 2. Nf3 d6 3. d4 cxd4 4. Nxd4 Nf6 5. Nc3 a6 6. Be3 e5 7. Nf3 Be7 8. Bc4
O-O 9. O-O Bg4 10. h3 Bh5 11. Nd5 Nbd7 12. Re1 Nxe4 13. Nxe7+ Qxe7 14. Bd5 Ndc5
15. a4 Rac8 16. Ra3 Nf6 17. g4 Nxd5 18. Qxd5 Bg6 19. Bg5 Qe6 20. Qxe6 Nxe6 21.
Be7 Rfe8 22. Bxd6 a5 23. Nh4 Nd4 24. Rc3 Nxc2 25. Rxc8 Rxc8 26. Nxg6 hxg6 27.
Rxe5 Rd8 28. Bc5 b5 29. axb5 a4 30. Kg2 Rc8 31. b4 g5 32. Re7 f6 33. Ra7 Na3
34. Kf3 Re8 35. Kg3 Rd8 36. Kf3 Rc8 37. Bd6 Rd8 1/2-1/2

[Event "PRAGUE OPEN 2019 - A - IM open"]
[Site "Praha, Olympik hotel"]
[Date "2019.01.17"]
[Round "8"]
[White "Svrcek, Martin"]
[Black "Privoznik, Lubos"]
[Result "1-0"]
[WhiteElo "2111"]
[BlackElo "1564"]
[PlyCount "57"]
[EventDate "2019.01.11"]

1. d4 Nf6 2. e3 d5 3. Bd3 c5 4. c3 Nc6 5. f4 Bg4 6. Nf3 e6 7. O-O Bd6 8. Qa4
O-O 9. Ne5 Qb6 10. Kh1 c4 11. Nxg4 Nxg4 12. Be2 Nxe3 13. Bxe3 Qxb2 14. Qd1 Qxa1
15. Qc2 b5 16. Nd2 Qxf1+ 17. Nxf1 a5 18. f5 Be7 19. Bf4 b4 20. Ne3 bxc3 21.
Qxc3 e5 22. dxe5 d4 23. Qxc4 Rac8 24. Nd5 Bb4 25. Nxb4 Nxe5 26. Qxd4 axb4 27.
Qxe5 Rfe8 28. Qb5 Re4 29. g3 1-0

[Event "PRAGUE OPEN 2019 - B - FIDE open"]
[Site "Praha, Olympik hotel"]
[Date "2019.01.17"]
[Round "8"]
[White "Watarkar, Yash"]
[Black "Nemec, Jachym"]
[Result "1/2-1/2"]
[WhiteElo "1495"]
[BlackElo "1638"]
[PlyCount "97"]
[EventDate "2019.01.11"]

1. c4 e6 2. Nf3 Nf6 3. Nc3 d5 4. e3 a6 5. b3 Be7 6. Bb2 O-O 7. d4 Nbd7 8. Bd3
c5 9. cxd5 exd5 10. O-O b5 11. dxc5 Nxc5 12. Nd4 Bb7 13. Bf5 Qb6 14. Rc1 b4 15.
Na4 Nxa4 16. bxa4 Ne4 17. Qc2 g6 18. Bxe4 Rac8 19. Qb3 dxe4 20. a3 Rfd8 21.
Rxc8 Rxc8 22. axb4 Qxb4 23. Qxb4 Bxb4 24. Rc1 Rxc1+ 25. Bxc1 Bc8 26. Nc6 Bd6
27. Bb2 Bd7 28. Be5 Bxe5 29. Nxe5 Bxa4 30. Nc4 Kf8 31. f3 exf3 32. gxf3 Bb5 33.
Na3 Bd3 34. Kf2 Ke7 35. e4 f5 36. exf5 Bxf5 37. Ke3 Kd6 38. Kd4 Be6 39. f4 h6
40. h4 h5 41. Nb1 Bb3 42. Nc3 Bc2 43. Nd5 a5 44. Ne3 Bb3 45. f5 a4 46. Kc3 g5
47. hxg5 Ke7 48. Ng2 Kf7 49. Nh4 1/2-1/2